[Event "LTU ch Final 2020"]
[Site "Vilnius"]
[Date "2020.11.25"]
[Round "7.4"]
[White "Juksta, Karolis"]
[Black "Indriunas, Matas"]
[Result "1-0"]
[WhiteElo "2389"]
[BlackElo "2235"]
[PlyCount "67"]

1. d4 g6 2. e4 Bg7 3. c4 d6 4. Nc3 Nd7 5. h4 e5 6. d5 Ngf6 7. Be2 Nc5 8. Qc2 a5
9. h5 Nfd7 10. Nf3 Nb6 11. Be3 Bg4 12. hxg6 hxg6 13. Rxh8+ Bxh8 14. O-O-O Bf6
15. Kb1 Qe7 16. Nh2 Bxe2 17. Qxe2 Bg5 18. Bxc5 dxc5 19. Nb5 Nc8 20. Ng4 Nd6 21.
Nxd6+ cxd6 22. Rh1 Bf6 23. Rh7 Kf8 24. Qe3 Bg7 25. Qh3 Kg8 26. Nh6+ Kf8 27. Nf5
Qf6 28. Nxg7 Ke7 29. f3 b5 30. Ne6 bxc4 31. Ng5 Rf8 32. Qe6+ Qxe6 33. dxe6 Kf6
34. Rxf7+ 1-0

[Event "LTU ch Final 2020"]
[Site "Vilnius"]
[Date "2020.11.25"]
[Round "7.5"]
[White "Pultinevicius, Paulius"]
[Black "Vardanyan, Aras"]
[Result "1-0"]
[WhiteElo "2512"]
[BlackElo "2199"]
[PlyCount "113"]

1. Nf3 Nf6 2. b3 g6 3. Bb2 Bg7 4. g3 b6 5. Bg2 Bb7 6. c4 c5 7. O-O O-O 8. Nc3
d6 9. e3 Nbd7 10. Qc2 Rc8 11. d3 a6 12. Rfe1 e6 13. Rad1 Qc7 14. Ne4 Rfd8 15.
Nxf6+ Nxf6 16. e4 b5 17. Nd2 Nd7 18. f4 Nb8 19. Bxg7 Kxg7 20. Qb2+ Kg8 21. Nf3
Nc6 22. h4 Qe7 23. Rf1 d5 24. cxd5 exd5 25. e5 d4 26. a3 c4 27. bxc4 bxc4 28.
dxc4 Ba8 29. Nd2 Rb8 30. Qa2 d3 31. Kh2 Nd4 32. Bxa8 Rxa8 33. Ne4 Nf5 34. Nf6+
Kg7 35. Nd5 Qc5 36. Rxd3 Rdc8 37. Rc1 Rab8 38. Qd2 h5 39. Kg2 Rb7 40. Qc3 Kh6
41. Kh3 Rcb8 42. Ne3 Nxe3 43. Rxe3 Rb2 44. Rf3 Qc8+ 45. f5 gxf5 46. Rc2 Qc6 47.
Rxb2 Rxb2 48. Qe3+ Kh7 49. Qf4 Kg8 50. Qxf5 Qxc4 51. Qxh5 Qa2 52. Qg5+ Kf8 53.
Qd8+ Kg7 54. Qf6+ Kg8 55. e6 Rh2+ 56. Kg4 Qc4+ 57. Kh5 1-0

[Event "LTU ch Final 2020"]
[Site "Vilnius"]
[Date "2020.11.26"]
[Round "8.1"]
[White "Brazdzionis, Andrius"]
[Black "Vardanyan, Aras"]
[Result "1-0"]
[WhiteElo "2317"]
[BlackElo "2199"]
[PlyCount "49"]

1. d4 Nf6 2. c4 e6 3. Nc3 Bb4 4. g3 c5 5. Nf3 b6 6. Bg2 Bb7 7. O-O cxd4 8. Nb5
a6 9. Nbxd4 O-O 10. Qa4 Be7 11. Rd1 d6 12. Be3 Qc7 13. Rac1 Nbd7 14. Ne1 Rac8
15. Nd3 Ng4 16. Bd2 Bf6 17. c5 Bxg2 18. Kxg2 Nxf2 19. cxb6 Qb7+ 20. Kxf2 Nxb6
21. Qb4 a5 22. Qb5 Rxc1 23. Rxc1 Bxd4+ 24. e3 Bf6 25. Rc6 1-0

[Event "LTU ch Final 2020"]
[Site "Vilnius"]
[Date "2020.11.26"]
[Round "8.2"]
[White "Indriunas, Matas"]
[Black "Pultinevicius, Paulius"]
[Result "1/2-1/2"]
[WhiteElo "2235"]
[BlackElo "2512"]
[PlyCount "32"]

1. e4 e5 2. Nf3 Nc6 3. Bb5 a6 4. Ba4 Nf6 5. O-O Be7 6. Re1 b5 7. Bb3 d6 8. c3
O-O 9. h3 Nb8 10. d4 Nbd7 11. Nbd2 Bb7 12. Bc2 Re8 13. Nf1 Bf8 14. Ng3 g6 15.
Nh2 Bg7 16. f4 exf4 1/2-1/2

[Event "LTU ch Final 2020"]
[Site "Vilnius"]
[Date "2020.11.26"]
[Round "8.3"]
[White "Rozentalis, Eduardas"]
[Black "Juksta, Karolis"]
[Result "1/2-1/2"]
[WhiteElo "2538"]
[BlackElo "2389"]
[PlyCount "80"]

1. e4 e6 2. d4 d5 3. Nd2 c5 4. Ngf3 Nc6 5. exd5 exd5 6. Bb5 cxd4 7. Nxd4 Bd7 8.
N2f3 Nf6 9. O-O Be7 10. Bd3 O-O 11. c3 Re8 12. Bg5 h6 13. Bh4 Qb6 14. Qb3 Qxb3
15. axb3 Nxd4 16. Nxd4 g5 17. Bg3 Bc5 18. f3 Nh5 19. Rfd1 Nxg3 20. hxg3 Bxd4+
21. cxd4 Re6 22. Ra5 Rb6 23. Rxd5 Be6 24. Rc5 Bxb3 25. Rd2 Rd8 26. Be4 Rb4 27.
d5 Rd6 28. Kf2 Kg7 29. Ke3 Ba4 30. Rd4 Rb3+ 31. Rc3 Rxc3+ 32. bxc3 Bd7 33. c4
b6 34. Rd2 Kf6 35. Kd4 Ke7 36. Bd3 h5 37. Ra2 a5 38. c5 bxc5+ 39. Kc4 Rxd5 40.
Rxa5 Be6 1/2-1/2

[Event "LTU ch Final 2020"]
[Site "Vilnius"]
[Date "2020.11.26"]
[Round "8.4"]
[White "Laurusas, Tomas"]
[Black "Malisauskas, Vidmantas"]
[Result "1/2-1/2"]
[WhiteElo "2506"]
[BlackElo "2410"]
[PlyCount "114"]

1. d4 d6 2. Nf3 g6 3. g3 Bg7 4. Bg2 Nd7 5. O-O c5 6. c4 Ngf6 7. Nc3 a6 8. b3
O-O 9. Bb2 Rb8 10. a4 cxd4 11. Nxd4 a5 12. Qc2 Nc5 13. Rad1 Qb6 14. h3 Rd8 15.
Kh2 Bd7 16. Rfe1 e6 17. e4 Ne8 18. Ndb5 Bxb5 19. axb5 Qc7 20. Bc1 Qe7 21. f4
Qf6 22. Bb2 b6 23. Na4 Qe7 24. Nxc5 dxc5 25. e5 h5 26. Rb1 Bh6 27. Rf1 Ng7 28.
Qf2 Nf5 29. g4 hxg4 30. hxg4 Nd4 31. Bc1 Bg7 32. Be4 f5 33. exf6 Qxf6 34. Rb2
Kf7 35. Kg1 Rh8 36. Qg3 Qh4 37. Kg2 Qxg3+ 38. Kxg3 Rh7 39. Rh1 Rxh1 40. Bxh1
Rd8 41. Be4 Bf6 42. Rh2 Nxb3 43. Be3 Rh8 44. Rxh8 Bxh8 45. f5 gxf5 46. gxf5 a4
47. fxe6+ Kxe6 48. Bc2 Bd4 49. Bh6 Bc3 50. Kf2 Bd2 51. Bg7 Bg5 52. Bd1 Bf6 53.
Bh6 Ke5 54. Ke3 Na5 55. Bf4+ Ke6 56. Bxa4 Nxc4+ 57. Ke4 Nd6+ 1/2-1/2

[Event "LTU ch Final 2020"]
[Site "Vilnius"]
[Date "2020.11.26"]
[Round "8.5"]
[White "Dambrauskas, Virginijus"]
[Black "Kazakouski, Valery"]
[Result "0-1"]
[WhiteElo "2220"]
[BlackElo "2473"]
[PlyCount "106"]

1. d4 f5 2. g3 Nf6 3. Bg2 g6 4. c4 Bg7 5. Nc3 d6 6. Nf3 O-O 7. O-O c6 8. b3 Ne4
9. Bb2 Na6 10. Qb1 Nxc3 11. Bxc3 Qc7 12. Qb2 Re8 13. Rad1 e5 14. e3 e4 15. Nd2
Be6 16. Rc1 Qf7 17. a4 Rac8 18. Rfd1 c5 19. d5 Bd7 20. Bxg7 Qxg7 21. Qxg7+ Kxg7
22. Re1 Nb4 23. Bf1 g5 24. Nb1 Kf6 25. Nc3 Re7 26. Red1 Rh8 27. Rd2 h5 28. Na2
Na6 29. Bg2 Be8 30. Bf1 Nb8 31. a5 Nd7 32. Rb2 h4 33. Nc3 Ne5 34. Rcc2 Reh7 35.
h3 Nf3+ 36. Kh1 hxg3 37. fxg3 Bh5 38. Ne2 Bg4 39. Ng1 Nxg1 40. Kxg1 Bxh3 41.
Rh2 Bxf1 42. Rxh7 Rxh7 43. Kxf1 Ke5 44. Kg2 f4 45. gxf4+ gxf4 46. exf4+ Kxf4
47. Rf2+ Ke3 48. Rf6 Rg7+ 49. Kf1 Kd2 50. Rf2+ Kd3 51. Rh2 e3 52. Rh1 Kd2 53.
Rh2+ Kd1 0-1

[Event "LTU ch Final 2020"]
[Site "Vilnius"]
[Date "2020.11.27"]
[Round "9.1"]
[White "Kazakouski, Valery"]
[Black "Brazdzionis, Andrius"]
[Result "1/2-1/2"]
[WhiteElo "2473"]
[BlackElo "2317"]
[PlyCount "69"]

1. Nf3 d5 2. c4 e6 3. b3 Nf6 4. g3 Be7 5. Bg2 O-O 6. O-O b6 7. Bb2 Bb7 8. Nc3
c5 9. e3 Nc6 10. cxd5 Nxd5 11. Nxd5 Qxd5 12. d4 Rac8 13. Rc1 Qd8 14. Ne5 f6 15.
Nd3 cxd4 16. exd4 Qd7 17. d5 exd5 18. Nf4 Ne5 19. Rxc8 Qxc8 20. Nxd5 Bxd5 21.
Qxd5+ Kh8 22. Bxe5 fxe5 23. Qxe5 Bc5 24. Be4 Qg4 25. Bd3 Qf3 26. Qe2 Qxe2 27.
Bxe2 Rd8 28. Rc1 Rf8 29. Rf1 Rd8 30. a4 Rd2 31. Bc4 g5 32. h3 Kg7 33. Kg2 a5
34. Kf3 h5 35. g4 1/2-1/2

[Event "LTU ch Final 2020"]
[Site "Vilnius"]
[Date "2020.11.27"]
[Round "9.3"]
[White "Juksta, Karolis"]
[Black "Laurusas, Tomas"]
[Result "1-0"]
[WhiteElo "2389"]
[BlackElo "2506"]
[PlyCount "100"]

1. d4 Nf6 2. c4 e6 3. Nc3 Bb4 4. f3 d5 5. a3 Be7 6. e4 dxe4 7. fxe4 e5 8. d5
Bc5 9. Nf3 Bg4 10. Be2 Nbd7 11. Qc2 O-O 12. Bg5 a5 13. O-O-O Bxf3 14. Bxf3 Qb8
15. Rhf1 c6 16. Kb1 Qa7 17. Be2 a4 18. Rd3 Ne8 19. Bh5 f6 20. Bxe8 Rfxe8 21.
Bc1 Bd4 22. Ne2 Nc5 23. Rg3 Kh8 24. Rh3 b6 25. Ng3 Qd7 26. Rf5 Re7 27. Qe2 Qe8
28. Qf3 Qg6 29. Rfh5 cxd5 30. cxd5 Rc7 31. d6 Rc6 32. Rxh7+ Qxh7 33. Rxh7+ Kxh7
34. Qh5+ Kg8 35. Nf5 Rac8 36. Nh6+ gxh6 37. Qg6+ Kh8 38. Qxh6+ Kg8 39. Qg6+ Kh8
40. Qxf6+ Kh7 41. Qf7+ Kh8 42. Qf6+ Kh7 43. Qh6+ Kg8 44. Qg6+ Kh8 45. Bh6 R8c7
46. Qe8+ Kh7 47. dxc7 Rxc7 48. Qh5 Nb3 49. Bg5+ Kg8 50. Qg6+ Kf8 1-0

[Event "LTU ch Final 2020"]
[Site "Vilnius"]
[Date "2020.11.27"]
[Round "9.4"]
[White "Pultinevicius, Paulius"]
[Black "Rozentalis, Eduardas"]
[Result "1-0"]
[WhiteElo "2512"]
[BlackElo "2538"]
[PlyCount "55"]

1. d4 Nf6 2. c4 e6 3. Nf3 b6 4. g3 Bb7 5. Bg2 Be7 6. O-O O-O 7. Re1 Na6 8. Nc3
Ne4 9. Nxe4 Bxe4 10. Ne5 Bxg2 11. Kxg2 c5 12. d5 Qc7 13. Nf3 exd5 14. cxd5 d6
15. e4 Bf6 16. Qe2 c4 17. h4 Nb4 18. Bg5 Bxg5 19. hxg5 Nd3 20. Rh1 f5 21. Rxh7
Kxh7 22. g6+ Kg8 23. Nd4 fxe4 24. Qh5 Rxf2+ 25. Kg1 Qc5 26. Qh7+ Kf8 27. Ne6+
Ke7 28. Nxc5 1-0

[Event "LTU ch Final 2020"]
[Site "Vilnius"]
[Date "2020.11.27"]
[Round "9.5"]
[White "Vardanyan, Aras"]
[Black "Indriunas, Matas"]
[Result "1-0"]
[WhiteElo "2199"]
[BlackElo "2235"]
[PlyCount "73"]

1. d4 Nf6 2. c4 g6 3. Nc3 Bg7 4. e4 d6 5. Be2 O-O 6. Bg5 Na6 7. Qd2 c6 8. h4 e5
9. d5 cxd5 10. cxd5 Qa5 11. a3 Bd7 12. h5 Rfc8 13. h6 Bh8 14. f3 Nh5 15. Kf2
Nf4 16. g3 Qb6+ 17. Kf1 Nxe2 18. Ngxe2 Nc5 19. Rb1 Nb3 20. Qd3 a5 21. Kg2 Qa6
22. Qxa6 Rxa6 23. a4 Rc4 24. Nc1 Nc5 25. N1a2 Bxa4 26. b4 axb4 27. Nxb4 Rb6 28.
Nxa4 Nxa4 29. Nd3 Rxb1 30. Rxb1 b6 31. Be7 Rc2+ 32. Kh3 Rc3 33. Rb4 Rxd3 34.
Rxa4 f5 35. Bxd6 Bf6 36. Ra8+ Kf7 37. Rf8# 1-0